| 000 | 00497nam a2200193Ia 4500 | ||
|---|---|---|---|
| 005 | 20230929103339.0 | ||
| 008 | 131103s9999 xx 000 0 und d | ||
| 020 | _a312927746 | ||
| 040 | _aLoreto College | ||
| 041 | _aEnglish | ||
| 082 |
_aF _bPIL |
||
| 100 | _aPilcher, Rosamunde | ||
| 245 |
_aFlowers in the rain and other stories _cRosamunde Pilcher |
||
| 260 |
_aNew York _bSt. Martin's Press _c1991 |
||
| 300 | _ax,355p, 17 cm. | ||
| 650 | _aFiction | ||
| 850 | _aLCLIB | ||
| 942 | _cBK | ||
| 999 |
_c2210 _d52689 |
||